000 00345nam a2200133Ia 4500
008 210210b1979 xxu||||| |||| 00| 0 eng d
082 _a305.56 SRIH
100 _aSRIVASTAVA (Suresh Narain).
245 _aHarijans in indian society.
260 _aND
_bS. Chand & Co. Ltd.
_c1979
300 _a304
690 _aSocial Structure
906 _a043121
999 _c92536
_d92536